000 01455nab a2200277 4500
001 768714001
003 CO-MdFUSB
005 20240313124620.0
008 171009s2016 xxu||||| |||| 00| 0 eng d
022 _a1669-8649
040 _aCO-MdFUSB
_bspa
_cCO-MdFUSB
_dCO-MdFUSB
041 _aeng
100 _aRoldán, Alberto F.‏
_eautor
242 _aComentario sobre Gálatas
245 _aCommentary on Galatians
_c/ Alberto F. Roldan
300 _aVolumen 11, número 1 (2016), páginas: 55 - 87
_c: 20 cm.
520 1 _aNos desafía a aprender y discernir acerca de las luchas que nuestras iglesias enfrentan hoy en día. Exhorta a los líderes de la iglesia latinoamericana a re-aprender cómo enfrentar las dificultades que ocurren dentro de la iglesia y los agitadores que vienen de fuera.
546 _aTexto en inglés
630 0 7 _aBiblia.
_pGalatas
_xCrítica, interpretación, etc.
650 7 _9320
_aTeología bíblica
773 _049416
_976183
_gVolumen 11, número 1 (2016), páginas: 55 - 87
_qPágina 55
_tJournal of Latin American Theology
773 _049416
_982396
_gVolumen 11, número 1 (2016), páginas: 55 - 87
_qPágina 55
_tJournal of Latin American Theology
773 _049416
_982481
_gVolumen 11, número 1 (2016), páginas: 55 - 87
_qPágina 55
_tJournal of Latin American Theology
773 _049416
_982482
_gVolumen 11, número 1 (2016), páginas: 55 - 87
_qPágina 55
_tJournal of Latin American Theology
942 _cANA
999 _c64067
_d64067